00569nam a2200229Ia 4500008004000000041000800040082001200048100002100060245008300081260005200164650000800216650001600224650001500240650000700255650001000262650001100272650001500283650001200298650001200310650000800322650000900330210210b1930 xxu||||| |||| 00| 0 eng d aeng a336/120 aKINOWLES (L C A) aIndustrial and commercial revolutions in Great Britain during the 19th century aLondonbGeorge Routledge and Sons Limitedc1930 athe arevolutions aIndustrial ain aGreat aduring acommercial acentury aBritain aand a19th